MLB 10-Win Pitchers (2024) - Statistics

General Stats
  • This quiz has been taken 37 times
    19 since last reset
  • The average score is 27 of 53
Answer Stats
Hint Answer % Correct
AL East Corbin Burnes
85%
AL East Luis Gil
85%
NL East Aaron Nola
77%
AL East Carlos Rodon
77%
NL East Chris Sale
77%
NL Central Paul Skenes
77%
NL Central Sonny Gray
77%
AL Central Tarik Skubal
77%
NL East Zack Wheeler
77%
NL West Dylan Cease
69%
AL West Framber Valdez
69%
AL East Kevin Gausman
69%
NL West Logan Webb
69%
AL West Luis Castillo
69%
NL East Luis Severino
69%
NL Central Shota Imanaga
69%
AL West Bryce Miller
62%
AL East Jose Berrios
62%
NL East Max Fried
62%
AL Central Michael Wacha
62%
NL East Ranger Suarez
62%
AL Central Seth Lugo
62%
NL West Zac Gallen
62%
AL East Grayson Rodriguez
54%
AL East Marcus Stroman
54%
AL West Nathan Eovaldi
54%
AL Central Pablo Lopez
54%
NL East Sean Manaea
54%
AL Central Tanner Bibee
54%
AL West Tyler Anderson
54%
AL East Brayan Bello
46%
AL Central Cole Ragans
46%
NL East Cristopher Sanchez
46%
NL Central Freddy Peralta
46%
AL West George Kirby
46%
NL East Jose Quintana
46%
NL West Michael King
46%
NL Central Mitch Keller
46%
AL Central Bailey Ober
38%
AL West Hunter Brown
38%
AL West J.P. Sears
38%
AL West Ronel Blanco
38%
NL Central Andrew Abbott
23%
AL Central Ben Lively
23%
NL Central Colin Rea
23%
NL West Gavin Stone
23%
NL Central Jameson Taillon
23%
NL West Ryne Nelson
15%
NL West Brandon Pfaadt
8%
AL East Chris Bassitt
8%
NL East Jake Irvin
8%
NL East MacKenzie Gore
8%
NL Central Nick Martinez
8%
No matching quizzes found
Score Distribution
Percent of People with Each Score
Percentile by Number Answered
Your Score History
You have not taken this quiz since the last reset